00269nam a2200085Ia 4500001000800000005001700008008004100025245008700066260003000153108846220250827002718.0250824s9999 xx 000 0 und d 0aBİZİM MATRAK SINIF -5- Bizim Sınıf Kopye Çekmez •T1 ¨144cYUSUF ASAL bNESİL ÇOCUK YAYINLARI